Gaming Quiz

Random Gaming or Video Games Quiz
Score 0/20 Timer 05:00
0 Plays Today
% Correct
Donkey Kong
93%
Kirby's Dream Land
92.3%
Space Invaders
90.5%
Super Mario Land
88.2%
Tetris
87.9%
DuckTales
87.2%
The Bugs Bunny Crazy Castle
86.9%
Dr. Mario
86.3%
Pokémon Red
85.4%
Metroid II: The Return of Samus
83.3%
% Correct
The Legend of Zelda: Link's Awakening
79.2%
Wario Land (Super Mario Land 3)
77.4%
Extra Bases
77.1%
Final Fantasy Adventure
73%
Kid Dracula
70.9%
Kid Icarus: Of Myths and Monsters
69.6%
Gargoyle's Quest
67.2%
Castlevania II: Belmont's Revenge
67.2%
Mario's Picross
66.2%
Alleyway
48.6%
Remove Ads.
Support Sporcle.
Get the best of Sporcle when you Go Orange. This ad-free experience offers more features, more stats, and more fun while also helping to support Sporcle. Thank you for becoming a member.

You're not logged in!

Compare scores with friends on all Sporcle quizzes.
OR
Log In

Show Comments

Extras

Top Quizzes Today


Score Distribution

Your Account Isn't Verified!

In order to create a playlist on Sporcle, you need to verify the email address you used during registration. Go to your Sporcle Settings to finish the process.

Report this User

Report this user for behavior that violates our Community Guidelines.

Details: